Normal view
MARC view
Entry Topical Term
001 - CONTROL NUMBER
- control field: 9594
003 - CONTROL NUMBER IDENTIFIER
- control field: BD-RjUL
005 - DATE AND TIME OF LATEST TRANSACTION
- control field: 20231016155702.0
008 - FIXED-LENGTH DATA ELEMENTS
- fixed length control field: 231016|| aca||aabn | a|a d
040 ## - CATALOGING SOURCE
- Original cataloging agency: BD-RjUL
- Transcribing agency: BD-RjUL
150 ## - HEADING--TOPICAL TERM
- Topical term or geographic name entry element: Hinduism Relations Islam History
670 ## - SOURCE DATA FOUND
- Source citation: Work cat.: (BD-RjUL)82132: Mushir al-Haq ;; : مشیر الحق 9593, مسلمان اور سیکولر ہندوستان ;; Muslim aur Secular Hindustan /, 1973